000 00473nam a2200193 i 4500
001 bg
100 1 _aFrick, Otto.
245 1 0 _aBaukonstruktionslehre.
_nT. 1 /
_cFrick, Knöll, F. Neumann
250 _aWyd. 24.
260 _aStuttgart :
_bB. G. Teubner,
_c1967.
300 _as. 244 :
_bilustr.
700 1 _aKnöll, Karl.
700 1 _aNeumann, F.
040 _cBPK
041 _apol
080 _a692
942 _cKS
008 s pl f |000 0 pol
999 _c12382
_d12382
856 _uhttp://koha.tu.koszalin.pl/cgi-bin/koha/opac-detail.pl?biblionumber=12382
_yKatalog online BPK